| 000 | 01397nam a2200409 c 4500 | ||
|---|---|---|---|
| 001 | 53524 | ||
| 003 | ES-MaCES | ||
| 005 | 20250123133210.0 | ||
| 008 | 250120s2024 sp 000 | spa d | ||
| 017 |
_aM 9334-2024 _bDL |
||
| 020 | _a9788411227575 | ||
| 040 |
_aES-MaCES _bspa _cES-MaCES |
||
| 100 | 1 |
_913885 _aGonzález Rabanal, Miryam de la Concepción |
|
| 245 | 1 | 3 |
_aLa gestión de las migraciones _b: el impacto económico de los migrantes _cMiryam de la Concepción González Rabanal, Nicoleta Enache |
| 260 |
_aMadrid _bDykinson _c[2024] |
||
| 300 |
_a109 p. _c24 cm |
||
| 490 | 1 | _aSeguridad y bienestar social | |
| 504 | _aBibliografía: p. 107-109 | ||
| 541 | _cCompra | ||
| 650 | 4 |
_amigración internacional _929805 |
|
| 650 | 4 |
_ainmigración _928632 |
|
| 650 | 4 |
_atrabajador migrante _928408 |
|
| 650 | 4 |
_apolítica migratoria _929183 |
|
| 650 | 4 |
_aconsecuencias económicas _927082 |
|
| 650 | 4 |
_aremesa de dinero _929646 |
|
| 650 | 4 |
_apaís de salida _929798 |
|
| 650 | 4 |
_apaís de acogida _929799 |
|
| 650 | 4 |
_aEspaña _926964 |
|
| 650 | 4 |
_aevaluación del impacto _930732 |
|
| 650 | 4 |
_aanálisis económico _927070 |
|
| 650 | 4 |
_ainvestigación interdisciplinaria _928841 |
|
| 653 | 1 | 0 | _aCiencias Sociales-Políticas |
| 700 | 1 |
_941273 _aEnache, Nicoleta |
|
| 830 | 0 |
_941280 _aSeguridad y bienestar social |
|
| 902 | _aLIB Libro | ||
| 942 |
_2CES _cBK _h7.0. |
||
| 999 |
_c53524 _d53524 |
||